MDQL
is popping MORE tags! Check the
thread
!
Quizzes
Events
Quiz Creation
Community
Videos
Private Events
Remove Ads
Sign In
Join for FREE
Feedback
Dark Mode
Quiz Categories
Sports
Geography
Music
Movies
Television
Just For Fun
Miscellaneous
History
Literature
Language
Science
Gaming
Entertainment
Religion
Holiday
For Kids
Quiz Lab
Recent
Popular Today
Quiz Kudos Today
Editor Picks
Curator Picks
Quizzes by...
Day
Popularity
Type
Ratings
Length
Year
Community
Subscriptions
Recent Discussions
Orange Saloon
Badges
Playlists
Quests
Create
Leaderboards
Showdown
Live 5
Trivia Bingo
Activity
Puzzle Library
Sporcle Events
Private Events
Virtual Trivia
Globe League
Become a Host
Pub Owners
SporcleCon
Opinionation
Our Games
Videos
Blog
Mobile Apps
Partnerships
Remove Ads and Go Orange
Feedback
Television
TV Characters
TV Show
Sitcom
Network
Friends
Reality Shows
Cast
South Park
Star Trek
The Simpsons
Doctor Who
Television
TV Characters
TV Show
Sitcom
Network
Friends
Reality Shows
Cast
South Park
Star Trek
The Simpsons
Doctor Who
Random Quiz
Search Sporcle
×
Quiz Lab
Quiz Lab
Television
Friends
Type in answers that appear in a list
Type in answers that appear in a list
Classic
Best Score? Go Orange.
Friends Relationships Stats
Can you name the Friends Relationships?
By
jo_cole
10m
45 Questions
969 Plays
969 Plays
969 Plays
Comments
Comments
Give Quiz Kudos
Give Quiz Kudos
-
- Ratings
hide this ad
More Info
Replay
Link that replays current quiz
Next Quiz
Link to next quiz in quiz playlist
You Got
0%
They Got
Avg Score
61%
Avg Friend Score
Upgrade to see
Score Distribution
Jump to the score distribution portion of the page
Score
0/45
Timer
10:00
0
Plays Today
Character
Partner
% Correct
Rachel Green
Ross
95.4%
Ross Geller
Carol
94.4%
Susan Bunch
Carol
94.4%
Ross Geller
Emily
94.2%
Monica Geller
Chandler
91.8%
Phoebe Buffay
Mike
91.5%
Monica Geller
Richard
88.1%
Mindy Hunter
Barry
86.7%
Rachel Green
Barry
86.7%
Chandler Bing
Janice
84.7%
Ross Geller
Janice
84.7%
Judy Geller
Jack
84.6%
Frank Buffay Jr.
Alice
78.8%
Ross Geller
Rachel
78.2%
Nora Bing
Charles
77%
Chandler Bing
Kathy
75.3%
Joey Tribianni
Kathy
75.3%
Phoebe Buffay
David
73%
Monica Geller
Pete
72.8%
Rachel Green
Tag
72.6%
Leonard Green
Sandra
72.4%
Ross Geller
Mona
71.3%
Rachel Green
Paul
71.1%
Character
Partner
% Correct
Rachel Green
Joshua
65%
Ross Geller
Julie
64.2%
Ross Geller
Charlie
64.1%
Joey Tribianni
Charlie
64.1%
Ross Geller
Elizabeth
63.9%
Rachel Green
Joey
61.3%
Phoebe Buffay
Duncan
59.5%
Rachel Green
Paolo
56.3%
Monica Geller
Fun Bobby
54.4%
Monica Geller
Young Ethan
53.6%
Janice Goralnik
Gary
51.9%
Joey Tribianni
Janine
50.2%
Rachel Green
Gavin
38.8%
Ross Geller
Bonnie
36.4%
Cousin Franny
Stuart
34%
Joey Tribianni
Ursula
31.2%
Phoebe Buffay
Parker
29.3%
Chandler Bing
Joanna
29.2%
Monica Geller
Paul the wine guy
26.5%
Monica Geller
Julio
24.7%
Ross Geller
Jill
21.5%
Monica Geller
Jean Claude Van Damme
11.7%
Quiz Playlist
Details
Report
Send in Message
Add To Playlist
More Info:
Name the relationships that occur in the TV series Friends
Classic:
Type in answers that appear in a list
Last Updated: Jul 14, 2018
Quiz Scoreboard
CHALLENGE
Sign Up to Join the Scoreboard
Show All
Scores
Hide
Comments
May contain spoilers
Recently Published
1-10 Letter E Words III
by El_Dandy
Language
2m
Street Fighter Characters
by Artimus82
Gaming
60s
College Basketball Coaching Resumes
by pancakes188
Sports
9m
More to Explore
Quiz From the Vault
Featured Blog Post
Where Did the Easter Bunny Come From?
hide this ad
You Might Also Like...
Tags
Actor Quiz
Friends Quiz
Sitcom Quiz
Ben Stiller
Brad Pitt
Friends Characters
George Clooney
Jennifer Aniston
Lisa Kudrow
relationship
Television Stars
US Sitcoms
Today's Top Quizzes in Television
Browse Television
hide this ad
Today's Top Quizzes in Friends
Browse Friends
Top Contributed Quizzes in Television
1
Survivor Journey Challenge
2
Adjectives in 80s TV Shows
3
5-to-1: The Simpsons Families
4
Adjectives in 00s TV Shows
5
5-to-1: Television Doctors
6
Adjectives in 10s TV Shows
7
7-to-1: TV Show Settings
8
5-to-1: Streaming Originals
9
Adjectives in 70s TV Shows
10
Survivor Seasons
Explore More
Trending Topics
Kpop
Marvel
Harry Potter
Anime
Disney
Crossword
NBA
Song
Pokémon
Soccer
WWE
The Office
NFL
Puzzle
Country
hide this ad
More By:
jo_cole
Quiz
Plays
Rating
Category
Featured
Created
Word Ladder: Gavin and Stacey
4,338
2.75
Television
Jul 28, 2014
2014 Team USA Mens Basketball Roster
4,110
1.89
Sports
Jul 26, 2014
5-Star Hogwart Houses
2,659
3.26
Movies
Jul 28, 2014
Countries in Europe (clickable)
2,452
4.22
Geography
Aug 31, 2013
10 to 1 Setlists - 70's & 80's
1,609
2.76
Music
Jul 14, 2018
Go to Creator's Profile
Score Distribution
Quiz Creator Spotlight
jo_cole
Follow
Send a Message
Quizzes Created
-
Created Quiz Play Count
-
More By This Creator
Popular Quizzes Today
1
Find the US States - No Outlines Minefield
2
Find the Countries of Europe - No Outlines Minefield
3
The Countries of the World
4
Find the US States
5
Risky Map Clicking: Biggest States A-Z
6
US States
7
Popular People in 1961
8
Movies - When Are They Set?
More Television Quizzes
Nine in Time: Sherlock Characters
Curator's Pick
Trending Quizzes
Risky Map Clicking: Least Populous States A-Z
Billboard Blitz: Aretha Franklin
Famous Russians: Author or Composer?
Countries of the World: 200 Million BC
1-10 Letter G Words
Recently Updated
Leaping Animals
pecheneg
Reality TV Shows (A-Z)
bhenderson79
Rickey Henderson's Hall of Fame Teammates
pecheneg
Champions League XIs: Arsenal
pecheneg
Quick Pick: Celebrities in WWE's Hall of Fame
aduchscher
A-Z Keypad Blitz II
pecheneg
Multiple Oscar Actors
pecheneg
Mystery Phrase Blitz: Oscar 'Best Actors'
pecheneg
F. Scott Fitzgerald Novels
LTH
Pick 3 Villains
ddd62291
Trending Topics
Disney
Harry Potter
Anime
Kpop
Crossword
Marvel
NBA
Puzzle
NFL
Soccer
WWE
Song
The Office
Pokémon
Country
Your Account Isn't Verified!
In order to create a playlist on Sporcle, you need to verify the email address you used during registration. Go to your
Sporcle Settings
to finish the process.
Report this User
Report this user for behavior that violates our
Community Guidelines
.
Details:
Send Report
Go to the Sporcle.com Mobile Site →
Comments